[Event "Stari Banovci Vidovdan op"]
[Site "Stari Banovci"]
[Date "2015.06.24"]
[Round "7"]
[White "Bjelic, Branislav"]
[Black "Omorjan, Dejan"]
[Result "1/2-1/2"]
[WhiteElo "1896"]
[BlackElo "2122"]
[PlyCount "57"]
[EventDate "2015.06.20"]
[EventType "swiss"]
[EventRounds "9"]
[EventCountry "SRB"]
[SourceTitle "EXT 2019"]
[Source "ChessBase"]
[SourceDate "2018.10.10"]
[SourceVersion "1"]
[SourceVersionDate "2018.10.10"]
[SourceQuality "1"]

1. e4 c5 2. Nf3 d6 3. d4 cxd4 4. Nxd4 Nf6 5. Nc3 a6 6. h3 e5 7. Nde2 h5 8. g3 Be7 9. Bg2 Nbd7 10. a4 b6 11. Nd5 Nxd5 12. Qxd5 Rb8 13. Nc3 Bb7 14. Qd3 Nf6 15. Bg5 Qc7 16. 0-0 0-0 17. f4 Rbd8 18. Qe2 exf4 19. gxf4 Rfe8 20. Kh1 d5 21. e5 d4 22. Nd1 Bxg2+ 23. Qxg2 Nd5 24. Bxe7 Qxe7 25. Ra3 Kh8 26. Rg3 g6 27. c3 dxc3 28. Nxc3 Nxc3 29. Rxc3 1/2-1/2

[Event "Stari Banovci Vidovdan op"]
[Site "Stari Banovci"]
[Date "2015.06.23"]
[Round "6"]
[White "Peovic, Milos"]
[Black "Bjelic, Branislav"]
[Result "1-0"]
[WhiteElo "2230"]
[BlackElo "1896"]
[PlyCount "83"]
[EventDate "2015.06.20"]
[EventType "swiss"]
[EventRounds "9"]
[EventCountry "SRB"]
[SourceTitle "EXT 2019"]
[Source "ChessBase"]
[SourceDate "2018.10.10"]
[SourceVersion "1"]
[SourceVersionDate "2018.10.10"]
[SourceQuality "1"]

1. e4 c5 2. Nf3 d6 3. Bb5+ Nd7 4. 0-0 a6 5. Bxd7+ Bxd7 6. h3 e5 7. c3 g6 8. d4 Bg7 9. Re1 Ne7 10. dxc5 dxc5 11. Qd6 f6 12. Qxc5 Rc8 13. Qe3 0-0 14. b3 g5 15. Rd1 Ng6 16. Qd3 Rf7 17. g3 Qb6 18. Be3 Qe6 19. g4 Nf4 20. Bxf4 exf4 21. Nd4 Qe5 22. Nd2 b5 23. Rac1 h5 24. N2f3 Qe8 25. Nf5 Bxf5 26. exf5 Rfc7 27. Re1 Qf7 28. Re6 b4 29. c4 Rd7 30. Qe4 Rcd8 31. Rxa6 Rd1+ 32. Rxd1 Rxd1+ 33. Kg2 Bf8 34. Qe6 Qxe6 35. Rxe6 hxg4 36. hxg4 Kf7 37. Re1 Rd7 38. Re2 Bc5 39. Rd2 Ra7 40. Ne1 Ke7 41. Nd3 Rd7 42. Re2+ 1-0

[Event "Stari Banovci Vidovdan op"]
[Site "Stari Banovci"]
[Date "2015.06.21"]
[Round "3"]
[White "Bjelic, Branislav"]
[Black "Petrusic, Velimir"]
[Result "0-1"]
[WhiteElo "1896"]
[BlackElo "2143"]
[PlyCount "52"]
[EventDate "2015.06.20"]
[EventType "swiss"]
[EventRounds "9"]
[EventCountry "SRB"]
[SourceTitle "EXT 2019"]
[Source "ChessBase"]
[SourceDate "2018.10.10"]
[SourceVersion "1"]
[SourceVersionDate "2018.10.10"]
[SourceQuality "1"]

1. Nf3 Nf6 2. d4 d6 3. g3 g6 4. Bg2 Bg7 5. 0-0 0-0 6. c4 Nbd7 7. Nc3 e5 8. b3 Re8 9. e4 exd4 10. Nxd4 Nc5 11. f3 c6 12. Re1 d5 13. cxd5 Nxd5 14. Nxd5 cxd5 15. Be3 dxe4 16. fxe4 Nxe4 17. Rc1 Nxg3 18. hxg3 Rxe3 19. Rxe3 Bxd4 20. Kh2 Bg4 21. Qxg4 Bxe3 22. Rd1 Qc7 23. Rd7 Qc1 24. Rd1 Qc2 25. Kh3 Re8 26. Bd5 Re5 0-1

[Event "Vojvodina-ch 5th"]
[Site "Novi Sad"]
[Date "2014.07.12"]
[Round "1"]
[White "Azaladze, Shota"]
[Black "Bjelic, Branislav"]
[Result "1-0"]
[WhiteElo "2499"]
[BlackElo "2016"]
[PlyCount "91"]
[EventDate "2014.07.12"]
[EventType "swiss"]
[EventRounds "9"]
[EventCountry "YUG"]
[SourceTitle "CBM 161 Extra"]
[Source "ChessBase"]
[SourceDate "2014.08.29"]
[SourceVersion "1"]
[SourceVersionDate "2014.08.29"]
[SourceQuality "1"]

1. Nf3 Nf6 2. g3 g6 3. Bg2 Bg7 4. 0-0 0-0 5. c4 d6 6. d4 Nbd7 7. Nc3 e5 8. e4 c6 9. h3 b5 10. dxe5 dxe5 11. Qe2 b4 12. Na4 Qc7 13. Qc2 c5 14. Be3 Bb7 15. Nd2 Rfd8 16. b3 Rac8 17. Rfd1 Bc6 18. Nxc5 Nxc5 19. Bxc5 Bxe4 20. Nxe4 Nxe4 21. Bxb4 Nxg3 22. Rxd8+ Rxd8 23. Rd1 Nh5 24. Rxd8+ Qxd8 25. Qd2 Qxd2 26. Bxd2 Nf4 27. c5 Bf8 28. c6 Bd6 29. Ba5 Ne6 30. Bd5 Bc7 31. Bb4 Nf4 32. Bg2 Nd3 33. Bd2 f5 34. Bf1 Nf4 35. b4 Kf8 36. a4 Ke8 37. a5 Kd8 38. Be3 Nd5 39. Bc5 Ne7 40. Bb5 Nd5 41. Bc4 Ne7 42. Bxa7 Nxc6 43. Bc5 Bb8 44. Bd5 Kc7 45. Bxc6 Kxc6 46. a6 1-0